[Event "Miami op"]
[Site "Miami"]
[Date "2008.09.12"]
[Round "5"]
[White "Becerra Rivero, Julio"]
[Black "Florean, Andrei"]
[Result "1/2-1/2"]
[WhiteElo "2598"]
[BlackElo "2403"]
[PlyCount "79"]
[EventDate "2008.09.10"]
[EventType "swiss"]
[EventRounds "9"]
[EventCountry "USA"]
[SourceTitle "CBM 126 Extra"]
[Source "ChessBase"]
[SourceDate "2008.11.05"]
[SourceVersion "1"]
[SourceVersionDate "2008.11.05"]
[SourceQuality "1"]

1. e4 c5 2. Nf3 d6 3. d4 cxd4 4. Nxd4 Nf6 5. Nc3 a6 6. Bg5 e6 7. f4 Nbd7 8. Qf3 Qc7 9. 0-0-0 b5 10. Bd3 Bb7 11. Rhe1 Qb6 12. Qe3 b4 13. Na4 Qa5 14. b3 Nc5 15. Bxf6 gxf6 16. Kb1 Nxa4 17. bxa4 Qc5 18. f5 e5 19. Nb3 Qxe3 20. Rxe3 Bc6 21. Na5 Bxa4 22. Bc4 Rc8 23. Bb3 Bb5 24. Bd5 Bh6 25. Rh3 Bf4 26. Bb7 Rc7 27. Rxd6 Ke7 28. Rb6 Rg8 29. Nc6+ Bxc6 30. Bxc6 h6 31. Rxa6 Rxg2 32. Kb2 Rxh2 33. Rxh2 Bxh2 34. Kb3 h5 35. Kxb4 h4 36. Kb5 Bg1 37. Ra8 h3 38. Re8+ Kd6 39. Rd8+ Ke7 40. Re8+ 1/2-1/2

[Event "World op 34th"]
[Site "Philadelphia"]
[Date "2006.07.03"]
[Round "7"]
[White "Ibragimov, Ildar"]
[Black "Florean, Andrei"]
[Result "1-0"]
[WhiteElo "2637"]
[BlackElo "2426"]
[PlyCount "68"]
[EventDate "2006.06.28"]
[EventType "swiss"]
[EventRounds "9"]
[EventCountry "USA"]
[SourceTitle "CBM 112 Extra"]
[Source "ChessBase"]
[SourceDate "2006.07.14"]
[SourceVersion "1"]
[SourceVersionDate "2006.07.14"]
[SourceQuality "1"]

1. e4 c5 2. Nf3 d6 3. d4 cxd4 4. Nxd4 Nf6 5. Nc3 a6 6. f4 e5 7. Nf3 Qc7 8. Bd3 Be7 9. 0-0 Nbd7 10. Kh1 0-0 11. a4 b6 12. fxe5 dxe5 13. Nh4 g6 14. Bh6 Rd8 15. Qf3 Bb7 16. Bg5 Kg7 17. Qh3 Ng8 18. Be3 Ndf6 19. Qg3 Kh8 20. Nf3 Bd6 21. Qh4 Kg7 22. Rf2 Bc5 23. Bxc5 Qxc5 24. Raf1 Qe7 25. Qg5 Re8 26. Nh4 Bc8 27. Bc4 Rf8 28. Rf5 h6 29. Qg3 Qc7 30. Rxf6 Nxf6 31. Rxf6 Qxc4 32. Nd5 Kh7 33. Nxg6 Rg8 34. Nde7 Rxg6 1-0

[Event "Foxwoods op 08th"]
[Site "Ledyard"]
[Date "2006.04.13"]
[Round "2"]
[White "Florean, Andrei"]
[Black "Golod, Vitali"]
[Result "0-1"]
[WhiteElo "2426"]
[BlackElo "2577"]
[PlyCount "81"]
[EventDate "2006.04.12"]
[EventType "swiss"]
[EventRounds "9"]
[EventCountry "USA"]
[SourceTitle "CBM 111 Extra"]
[Source "ChessBase"]
[SourceDate "2006.05.09"]
[SourceVersion "1"]
[SourceVersionDate "2006.05.09"]
[SourceQuality "1"]

1. e4 c5 2. Nc3 Nc6 3. g3 g6 4. Bg2 Bg7 5. d3 Rb8 6. a4 d6 7. Nh3 Nf6 8. 0-0 0-0 9. f4 Bg4 10. Qd2 Nd4 11. Kh1 a6 12. a5 e5 13. Nd1 c4 14. Ng1 exf4 15. gxf4 cxd3 16. Qxd3 Nd7 17. Ne3 Nc5 18. Qa3 Bd7 19. e5 Bc6 20. Nf3 Nxf3 21. Bxf3 Bxf3+ 22. Rxf3 Rc8 23. Bd2 dxe5 24. Bb4 Qd4 25. Rd1 Qe4 26. Nd5 Rfe8 27. Qe3 Qxe3 28. Rxe3 e4 29. Nb6 Rc6 30. Rd5 Ne6 31. c4 Nxf4 32. Rd7 Bxb2 33. Bd6 g5 34. h4 h6 35. hxg5 hxg5 36. Rg3 Ng6 37. Nd5 Be5 38. Bxe5 Rxe5 39. Rb3 Rxc4 40. Rbxb7 Rf5 41. Ne3 0-1

[Event "USA-ch GpA"]
[Site "San Diego"]
[Date "2006.03.10"]
[Round "8"]
[White "Zenyuk, Iryna"]
[Black "Florean, Andrei"]
[Result "0-1"]
[WhiteElo "2194"]
[BlackElo "2426"]
[PlyCount "110"]
[EventDate "2006.03.02"]
[EventType "swiss"]
[EventRounds "9"]
[EventCountry "USA"]
[SourceTitle "CBM 112"]
[Source "ChessBase"]
[SourceDate "2006.06.07"]
[SourceVersion "1"]
[SourceVersionDate "2006.06.07"]
[SourceQuality "1"]

1. d4 Nf6 2. Nf3 g6 3. c4 Bg7 4. Nc3 0-0 5. e4 d6 6. Be2 c5 7. 0-0 Nc6 8. d5 Na5 9. a3 b6 10. Rb1 e5 11. b4 Nb7 12. Ne1 Ne8 13. Nd3 f5 14. exf5 gxf5 15. Bb2 Bd7 16. Kh1 Qc7 17. f4 cxb4 18. axb4 a5 19. fxe5 dxe5 20. d6 Qxd6 21. c5 bxc5 22. bxc5 Qe6 23. Na4 Bc6 24. Nxe5 Bxe5 25. Nb6 Rd8 26. Bc4 Qxc4 27. Nxc4 Rxd1 28. Rfxd1 Bxb2 29. Rxb2 Nxc5 30. Nxa5 Be4 31. Rb8 Nd3 32. Rf1 Nf6 33. Rxf8+ Kxf8 34. Nc4 Ke7 35. Kg1 Nd5 36. Ra1 Kf6 37. Nd2 N5f4 38. Ra6+ Kg5 39. Nf3+ Bxf3 40. gxf3 Ng6 41. Ra3 Nde5 42. Kg2 Nh4+ 43. Kg3 Nhxf3 44. Rxf3 Nxf3 45. Kxf3 f4 46. Kf2 Kf5 47. Kf3 Ke5 48. Kf2 Ke4 49. Ke2 f3+ 50. Kf2 Kf4 51. Kf1 Ke3 52. Ke1 f2+ 53. Kf1 Kf3 54. h3 Kg3 55. h4 h5 0-1

[Event "USA-ch GpA"]
[Site "San Diego"]
[Date "2006.03.06"]
[Round "4"]
[White "Kudrin, Sergey"]
[Black "Florean, Andrei"]
[Result "1-0"]
[WhiteElo "2554"]
[BlackElo "2426"]
[PlyCount "77"]
[EventDate "2006.03.02"]
[EventType "swiss"]
[EventRounds "9"]
[EventCountry "USA"]
[SourceTitle "CBM 112"]
[Source "ChessBase"]
[SourceDate "2006.06.07"]
[SourceVersion "1"]
[SourceVersionDate "2006.06.07"]
[SourceQuality "1"]

1. e4 c5 2. Nf3 d6 3. d4 cxd4 4. Nxd4 Nf6 5. Nc3 a6 6. Bc4 e6 7. Bb3 Be7 8. g4 h6 9. h4 Nc6 10. Rg1 g6 11. g5 hxg5 12. hxg5 Nh5 13. Be3 Bd7 14. f4 Qa5 15. Qf3 0-0-0 16. 0-0-0 Kb8 17. Qf2 Qc7 18. Nde2 Rdf8 19. Bb6 Qc8 20. a3 f6 21. gxf6 Rxf6 22. Qe3 Rhf8 23. e5 dxe5 24. Ne4 exf4 25. Nxf6 Rxf6 26. Qd3 Be8 27. Nc3 Ne5 28. Qe2 Rf5 29. Bd4 Bd6 30. Ne4 Bc7 31. Qf2 Ng3 32. Nc5 Ng4 33. Qf3 Ne5 34. Qf2 Ng4 35. Qe1 Bf7 36. Nd7+ Qxd7 37. Ba7+ Kc8 38. Rxd7 Kxd7 39. Qd1+ 1-0

[Event "USA-ch GpA"]
[Site "San Diego"]
[Date "2006.03.05"]
[Round "3"]
[White "Kleiman, Jake"]
[Black "Florean, Andrei"]
[Result "0-1"]
[WhiteElo "2279"]
[BlackElo "2426"]
[PlyCount "58"]
[EventDate "2006.03.02"]
[EventType "swiss"]
[EventRounds "9"]
[EventCountry "USA"]
[SourceTitle "CBM 112"]
[Source "ChessBase"]
[SourceDate "2006.06.07"]
[SourceVersion "1"]
[SourceVersionDate "2006.06.07"]
[SourceQuality "1"]

1. e4 c5 2. Nf3 d6 3. d4 cxd4 4. Nxd4 Nf6 5. Nc3 a6 6. Bg5 e6 7. f4 Qc7 8. f5 Be7 9. fxe6 fxe6 10. Qd3 Nc6 11. 0-0-0 Ne5 12. Qh3 Nfg4 13. Qh5+ g6 14. Qh4 Bxg5+ 15. Qxg5 0-0 16. Rd2 b5 17. a3 Qc5 18. Kb1 Nc4 19. e5 Qxe5 20. Qxg4 Nxd2+ 21. Ka2 Rf4 22. Qd1 Rxf1 23. Rxf1 Nxf1 24. Qf3 Qxd4 25. Qxa8 Qc4+ 26. Ka1 Nd2 27. g4 d5 28. Ne2 Qc7 29. Nd4 Qb7 0-1

[Event "North American op"]
[Site "Las Vegas"]
[Date "2002.12.27"]
[Round "2"]
[White "Milov, Vadim"]
[Black "Florean, Andrei"]
[Result "1/2-1/2"]
[WhiteElo "2620"]
[BlackElo "2431"]
[PlyCount "114"]
[EventDate "2002.12.26"]
[EventType "swiss"]
[EventRounds "6"]
[EventCountry "USA"]
[SourceTitle "CBM 092 Extra"]
[Source "ChessBase"]
[SourceDate "2003.03.07"]
[SourceVersion "1"]
[SourceVersionDate "2003.03.07"]
[SourceQuality "1"]

1. d4 Nf6 2. c4 c5 3. d5 d6 4. Nc3 g6 5. e4 Bg7 6. Bd3 0-0 7. Nf3 e6 8. 0-0 exd5 9. exd5 Bg4 10. h3 Bxf3 11. Qxf3 Nbd7 12. Qd1 Re8 13. Bd2 a6 14. a4 Qc7 15. f4 Nh5 16. Qf3 Bd4+ 17. Kh1 Ng7 18. Rab1 f5 19. Ne2 Nf6 20. Nxd4 cxd4 21. Rfd1 Ne4 22. Be1 Nh5 23. Kh2 Qg7 24. b4 b6 25. Bf1 Nc3 26. Bxc3 dxc3 27. Rbc1 a5 28. bxa5 Rxa5 29. Qxc3 Rxa4 30. Qxg7+ Kxg7 31. Rb1 Rb8 32. Re1 Ra7 33. Re6 Rd7 34. g3 Nf6 35. Bd3 Kf7 36. Kg2 Rdd8 37. Kf3 h5 38. Rb2 Rd7 39. Re1 Ra7 40. Rbe2 Rbb7 41. Re3 Re7 42. Rxe7+ Rxe7 43. Rb1 Rb7 44. Rb2 Rb8 45. Ra2 Rb7 46. Ra8 Nd7 47. g4 fxg4+ 48. hxg4 Nc5 49. Bf1 hxg4+ 50. Kxg4 Re7 51. Kf3 Re1 52. Kf2 Rb1 53. Be2 Rb3 54. Rd8 Ke7 55. Rh8 Kf6 56. Kg2 Re3 57. Kf2 Rb3 1/2-1/2

[Event "Lansing op"]
[Site "Lansing"]
[Date "2002.09.01"]
[Round "3"]
[White "Czuhai, Kevin"]
[Black "Florean, Andrei"]
[Result "0-1"]
[WhiteElo "2204"]
[BlackElo "2430"]
[PlyCount "64"]
[EventDate "2002.08.30"]
[EventType "swiss"]
[EventRounds "7"]
[EventCountry "USA"]
[SourceTitle "EXT 2007"]
[Source "ChessBase"]
[SourceDate "2006.11.23"]
[SourceVersion "1"]
[SourceVersionDate "2006.11.23"]
[SourceQuality "1"]

1. d4 Nf6 2. Nc3 d5 3. Bg5 e6 4. e4 dxe4 5. Nxe4 Nbd7 6. Nf3 Be7 7. Nxf6+ Nxf6 8. Bd3 h6 9. Bd2 0-0 10. Qe2 b6 11. 0-0-0 Bb7 12. Kb1 c5 13. Rhg1 cxd4 14. g4 Qd5 15. Ne5 Ne4 16. Bf4 Nc5 17. g5 Nxd3 18. Rxd3 hxg5 19. Bxg5 Bxg5 20. Rxg5 Qh1+ 21. Rd1 Qe4 22. Qxe4 Bxe4 23. Rxd4 Rfd8 24. Nd7 Bc6 25. Nf6+ Kf8 26. Nh7+ Ke7 27. Rxd8 Rxd8 28. Kc1 g6 29. Rg3 Rh8 30. Rh3 Bg2 31. Rg3 Bd5 32. Rh3 e5 0-1

[Event "ROM-chT"]
[Site "Sovata"]
[Date "2001.03.25"]
[Round "5"]
[White "Florean, Andrei"]
[Black "Manea, Alexandru"]
[Result "1-0"]
[WhiteElo "2436"]
[BlackElo "2301"]
[PlyCount "48"]
[EventDate "2001.03.21"]
[EventType "team"]
[EventRounds "5"]
[EventCountry "ROU"]
[SourceTitle "EXT 2003"]
[Source "ChessBase"]
[SourceDate "2002.11.25"]
[SourceVersion "1"]
[SourceVersionDate "2002.11.25"]
[SourceQuality "1"]

1. d4 d5 2. Nf3 c6 3. g3 Nf6 4. Bg2 g6 5. 0-0 Bg7 6. b3 0-0 7. Bb2 Bf5 8. Nbd2 a5 9. a3 Ne4 10. Nh4 Nxd2 11. Qxd2 Be6 12. a4 Nd7 13. e4 dxe4 14. Bxe4 Bh3 15. Rfe1 e5 16. Rad1 f5 17. Bd3 e4 18. Bc4+ Kh8 19. d5 g5 20. Bxg7+ Kxg7 21. Nf3 exf3 22. dxc6 Nb6 23. Qc1 Qf6 24. Re6 Qc3 1-0

[Event "ROM-chT"]
[Site "Sovata"]
[Date "2001.03.21"]
[Round "1"]
[White "Grunberg, Mihai Lucian"]
[Black "Florean, Andrei"]
[Result "1/2-1/2"]
[WhiteElo "2381"]
[BlackElo "2436"]
[PlyCount "89"]
[EventDate "2001.03.21"]
[EventType "team"]
[EventRounds "5"]
[EventCountry "ROU"]
[SourceTitle "EXT 2003"]
[Source "ChessBase"]
[SourceDate "2002.11.25"]
[SourceVersion "1"]
[SourceVersionDate "2002.11.25"]
[SourceQuality "1"]

1. Nf3 d6 2. d4 Nf6 3. c4 g6 4. Nc3 Bg7 5. e4 0-0 6. h3 c5 7. d5 e6 8. Bd3 exd5 9. exd5 Re8+ 10. Be3 Nh5 11. 0-0 Nd7 12. Bg5 Qb6 13. Qd2 f5 14. Rfe1 Ne5 15. Be2 Nf7 16. Nh2 Nxg5 17. Qxg5 Nf6 18. Rab1 Bd7 19. h4 Ne4 20. Nxe4 Rxe4 21. Nf1 Rae8 22. Ng3 R4e5 23. h5 h6 24. Qd2 Qb4 25. Qc1 g5 26. f3 Re3 27. Kf1 g4 28. Qc2 gxf3 29. gxf3 R8e7 30. f4 Re8 31. Nxf5 Bxf5 32. Qxf5 Qd2 33. Rbd1 Qxb2 34. Bg4 Rxe1+ 35. Rxe1 Rxe1+ 36. Kxe1 Qa1+ 37. Ke2 Qxa2+ 38. Kf3 Qb3+ 39. Kg2 Qb2+ 40. Kg3 Qc3+ 41. Kg2 Qd2+ 42. Kf3 Qd1+ 43. Kg2 Qd2+ 44. Kf3 Qc3+ 45. Kg2 1/2-1/2

[Event "ROM-ch"]
[Site "Baile Tusnad"]
[Date "2001.02.18"]
[Round "13"]
[White "Florean, Andrei"]
[Black "Manea, Alexandru"]
[Result "1-0"]
[WhiteElo "2436"]
[BlackElo "2301"]
[PlyCount "49"]
[EventDate "2001.02.05"]
[EventType "tourn"]
[EventRounds "14"]
[EventCountry "ROU"]
[EventCategory "7"]
[SourceTitle "CBM 080 Extra"]
[Source "ChessBase"]
[SourceDate "2001.03.08"]
[SourceVersion "1"]
[SourceVersionDate "2001.03.08"]
[SourceQuality "1"]

1. d4 d6 2. Nf3 Bg4 3. e3 Nd7 4. c4 e5 5. Nc3 Ngf6 6. Be2 Be7 7. Qc2 0-0 8. 0-0 Re8 9. b3 c6 10. Bb2 Bf8 11. Rfe1 Rc8 12. a3 Qc7 13. h3 Bh5 14. b4 a6 15. Qb3 e4 16. Nd2 Bxe2 17. Rxe2 b5 18. Rf1 Nb6 19. c5 Nbd5 20. Nxd5 Nxd5 21. f3 exf3 22. Rxf3 Qd7 23. e4 Nf6 24. Ref2 Nxe4 25. Rxf7 1-0

[Event "ROM-ch"]
[Site "Baile Tusnad"]
[Date "2001.02.16"]
[Round "11"]
[White "Florean, Andrei"]
[Black "Ionescu, Doru Alexandru"]
[Result "0-1"]
[WhiteElo "2436"]
[BlackElo "2390"]
[PlyCount "64"]
[EventDate "2001.02.05"]
[EventType "tourn"]
[EventRounds "14"]
[EventCountry "ROU"]
[EventCategory "7"]
[SourceTitle "CBM 080 Extra"]
[Source "ChessBase"]
[SourceDate "2001.03.08"]
[SourceVersion "1"]
[SourceVersionDate "2001.03.08"]
[SourceQuality "1"]

1. d4 Nf6 2. c4 g6 3. Nc3 d5 4. cxd5 Nxd5 5. e4 Nxc3 6. bxc3 Bg7 7. Be3 c5 8. Qd2 0-0 9. Rc1 Qa5 10. d5 f5 11. Bd3 fxe4 12. Bxe4 Nd7 13. Ne2 Nf6 14. Bf3 Ng4 15. Bxg4 Bxg4 16. f3 Bf5 17. 0-0 Rad8 18. g4 Bc8 19. Bg5 Rf7 20. Ng3 c4 21. Qe2 Rxd5 22. Bxe7 Rd3 23. Bb4 Qb6+ 24. Kg2 Qc6 25. Rcd1 a5 26. Bxa5 Qd5 27. Bb4 Bxg4 28. Rxd3 cxd3 29. Qe8+ Bf8 30. Ne4 Qf5 31. Rf2 Bxf3+ 32. Kg1 Qxe4 0-1

[Event "ROM-ch"]
[Site "Baile Tusnad"]
[Date "2001.02.14"]
[Round "9"]
[White "Florean, Andrei"]
[Black "Sofronie, Iulian"]
[Result "1/2-1/2"]
[WhiteElo "2436"]
[BlackElo "2399"]
[PlyCount "209"]
[EventDate "2001.02.05"]
[EventType "tourn"]
[EventRounds "14"]
[EventCountry "ROU"]
[EventCategory "7"]
[SourceTitle "CBM 080 Extra"]
[Source "ChessBase"]
[SourceDate "2001.03.08"]
[SourceVersion "1"]
[SourceVersionDate "2001.03.08"]
[SourceQuality "1"]

1. e4 e5 2. Nf3 Nc6 3. d4 exd4 4. Nxd4 Nf6 5. Nc3 Bb4 6. Nxc6 bxc6 7. Bd3 d5 8. exd5 cxd5 9. 0-0 0-0 10. Bg5 c6 11. Qf3 h6 12. Bxf6 Qxf6 13. Qxf6 gxf6 14. Ne2 Bd6 15. Ng3 Rb8 16. Rab1 Rb4 17. h3 Be6 18. b3 Kh8 19. c3 Rh4 20. Nf5 Bxf5 21. Bxf5 Rh5 22. Bd7 Rd8 23. Bxc6 Rc8 24. Bb7 Rc7 25. Ba8 Rc8 26. Bb7 Rc7 27. Ba6 Rxc3 28. Rbd1 Rc2 29. Bb7 Rxa2 30. Bxd5 Rf5 31. Be4 Re5 32. Rxd6 Rxe4 33. Rxf6 Kg7 34. Rf3 Rae2 35. Rf5 Rb4 36. Ra1 Re7 37. Rf3 Reb7 38. Ra3 a5 39. g3 Ra7 40. Kg2 a4 41. bxa4 Rbxa4 42. Rab3 R4a6 43. Rb4 Rg6 44. Rbf4 Rb7 45. h4 Ra7 46. Kh3 Rb7 47. Rf5 Rgb6 48. R3f4 Rb4 49. Rxb4 Rxb4 50. f3 Ra4 51. Re5 Kf6 52. Re8 Kg7 53. Re4 Ra3 54. Rf4 Kg6 55. Rg4+ Kf6 56. Rf4+ Kg6 57. g4 Ra5 58. Kg3 Rb5 59. Rc4 Rb6 60. Rc5 Rb4 61. Re5 Ra4 62. Re4 Ra1 63. Kf4 Rh1 64. h5+ Kf6 65. Re8 Kg7 66. Kf5 Rh3 67. f4 Rh1 68. Re2 Rh3 69. Rd2 Rh4 70. Re2 Rh1 71. Re3 Rh4 72. Re4 Rh1 73. Ke5 Ra1 74. Rd4 Re1+ 75. Kf5 Rh1 76. Rd2 Rh4 77. Rg2 Rh1 78. Ke4 Rh3 79. Rg1 Kh7 80. Re1 Kg7 81. Re3 Rh1 82. Kf3 Rf1+ 83. Kg3 Rg1+ 84. Kh3 Rf1 85. Re4 Rg1 86. Re2 Kf6 87. Rf2 Kg7 88. Rg2 Rh1+ 89. Kg3 Kf6 90. Kf2 Rh3 91. Rg1 Rh2+ 92. Kg3 Ra2 93. Rf1 Ra3+ 94. Rf3 Ra1 95. Kh2 Ra2+ 96. Kh3 Ra1 97. Rg3 Ra5 98. Rb3 Kg7 99. Rb4 Kf6 100. Kh4 Ra1 101. g5+ hxg5+ 102. fxg5+ Kf5 103. Rb5+ Kf4 104. Rb4+ Kf5 105. Rb5+ 1/2-1/2

[Event "ROM-ch"]
[Site "Baile Tusnad"]
[Date "2001.02.11"]
[Round "7"]
[White "Florean, Andrei"]
[Black "Moldovan, Daniel"]
[Result "1/2-1/2"]
[WhiteElo "2436"]
[BlackElo "2432"]
[PlyCount "68"]
[EventDate "2001.02.05"]
[EventType "tourn"]
[EventRounds "14"]
[EventCountry "ROU"]
[EventCategory "7"]
[SourceTitle "CBM 080 Extra"]
[Source "ChessBase"]
[SourceDate "2001.03.08"]
[SourceVersion "1"]
[SourceVersionDate "2001.03.08"]
[SourceQuality "1"]

1. d4 g6 2. Nf3 Bg7 3. Bf4 d6 4. e3 Nd7 5. Nbd2 e5 6. Bg3 Ne7 7. dxe5 dxe5 8. e4 0-0 9. Bc4 Nc6 10. a4 Qe7 11. c3 a5 12. Bh4 Bf6 13. Bxf6 Qxf6 14. Qe2 Nc5 15. Qe3 b6 16. 0-0 Ba6 17. Bxa6 Nxa6 18. Nb3 Qe6 19. Nfd2 Rad8 20. Qe2 Nab8 21. Qc4 Qxc4 22. Nxc4 Nd7 23. Rfd1 Nf6 24. f3 Rfe8 25. Kf2 Kf8 26. Ne3 Rxd1 27. Rxd1 Rd8 28. Rxd8+ Nxd8 29. Nc1 Nb7 30. Nd3 Nd7 31. b4 Ke7 32. Nd5+ Kd8 33. Ke2 c6 34. Ne3 Kc7 1/2-1/2

[Event "ROM-ch"]
[Site "Baile Tusnad"]
[Date "2001.02.10"]
[Round "6"]
[White "Nanu, Ciprian Costica"]
[Black "Florean, Andrei"]
[Result "0-1"]
[WhiteElo "2418"]
[BlackElo "2436"]
[PlyCount "86"]
[EventDate "2001.02.05"]
[EventType "tourn"]
[EventRounds "14"]
[EventCountry "ROU"]
[EventCategory "7"]
[SourceTitle "CBM 080 Extra"]
[Source "ChessBase"]
[SourceDate "2001.03.08"]
[SourceVersion "1"]
[SourceVersionDate "2001.03.08"]
[SourceQuality "1"]

1. e4 c5 2. Nf3 d6 3. d4 cxd4 4. Nxd4 Nf6 5. Nc3 a6 6. Be2 e5 7. Nb3 Be7 8. g4 h6 9. Be3 Be6 10. Nd5 Nbd7 11. Nxe7 Qxe7 12. Bf3 a5 13. g5 hxg5 14. Bxg5 a4 15. Nd2 b5 16. h4 Rc8 17. Nf1 Nb6 18. Qd2 Qc7 19. Bxf6 gxf6 20. Ne3 Nc4 21. Nd5 Bxd5 22. Qxd5 Qa5+ 23. Kf1 a3 24. b3 Qc3 25. bxc4 Qxa1+ 26. Kg2 Rg8+ 27. Kh2 Qd4 28. Qxb5+ Kf8 29. Rf1 Qxc4 30. Qd7 Qe6 31. Qb7 Rxc2 32. Bd1 Rc3 33. Qb8+ Rc8 34. Qb7 Rh8 35. h5 f5 36. Rg1 Re8 37. Rg2 Rg8 38. Ba4 Rxg2+ 39. Kxg2 Re7 40. Qb8+ Kg7 41. Qd8 fxe4 42. Bc6 Qg4+ 43. Kf1 Re6 0-1

[Event "ROM-chT"]
[Site "Romania"]
[Date "2001.??.??"]
[Round "2"]
[White "Rogozenco, Dorian"]
[Black "Florean, Andrei"]
[Result "1/2-1/2"]
[WhiteElo "2548"]
[BlackElo "2429"]
[PlyCount "35"]
[EventDate "2001.10.??"]
[EventType "team"]
[EventRounds "5"]
[EventCountry "ROU"]
[SourceTitle "CBM 085 Extra"]
[Source "ChessBase"]
[SourceDate "2002.01.21"]
[SourceVersion "1"]
[SourceVersionDate "2002.01.21"]
[SourceQuality "1"]

1. d4 Nf6 2. c4 g6 3. Nc3 Bg7 4. e4 d6 5. h3 c5 6. d5 0-0 7. Nf3 e6 8. Bd3 exd5 9. cxd5 b5 10. Nxb5 Re8 11. 0-0 Nxe4 12. Qb3 a6 13. Na3 Nd7 14. Nc4 Qc7 15. Re1 Nef6 16. Bf4 Rxe1+ 17. Rxe1 Bf8 18. Ng5 1/2-1/2

[Event "ROM-chT"]
[Site "Eforie Nord"]
[Date "2000.12.20"]
[Round "3"]
[White "Florean, Andrei"]
[Black "Vajda, Levente"]
[Result "1/2-1/2"]
[WhiteElo "2441"]
[BlackElo "2447"]
[PlyCount "43"]
[EventDate "2000.12.18"]
[EventType "team"]
[EventRounds "5"]
[EventCountry "ROU"]
[SourceTitle "CBM 081"]
[Source "ChessBase"]
[SourceDate "2001.03.20"]
[SourceVersion "1"]
[SourceVersionDate "2001.03.20"]
[SourceQuality "1"]
[WhiteTeam "Bucharest RGA"]
[BlackTeam "Bucharest AS RAT"]
[WhiteTeamCountry "ROU"]
[BlackTeamCountry "ROU"]

1. d4 Nf6 2. Nf3 d5 3. c4 e6 4. Nc3 Be7 5. e3 0-0 6. Bd3 b6 7. 0-0 Bb7 8. Qe2 Nbd7 9. b3 Ne4 10. Bb2 f5 11. Rac1 Bf6 12. Ba3 Rf7 13. cxd5 exd5 14. Ba6 Qb8 15. Rc2 c6 16. Rfc1 b5 17. Bxb7 Qxb7 18. Nb1 b4 19. Bb2 Rc8 20. Ne1 Nb8 21. Nd3 Re8 22. Nd2 1/2-1/2

[Event "Bucharest Autumn Cup GM"]
[Site "Bucharest"]
[Date "2000.12.03"]
[Round "13"]
[White "Matulovic, Milan"]
[Black "Florean, Andrei"]
[Result "1/2-1/2"]
[WhiteElo "2433"]
[BlackElo "2441"]
[PlyCount "49"]
[EventDate "2000.11.04"]
[EventType "tourn"]
[EventRounds "13"]
[EventCountry "ROU"]
[EventCategory "7"]
[SourceTitle "CBM 079 Extra"]
[Source "ChessBase"]
[SourceDate "2001.01.11"]
[SourceVersion "2"]
[SourceVersionDate "2001.01.25"]
[SourceQuality "1"]

1. e4 c5 2. Nf3 d6 3. d4 cxd4 4. Nxd4 Nf6 5. Nc3 a6 6. g3 e6 7. Bg2 Be7 8. 0-0 0-0 9. Be3 Bd7 10. a4 Nc6 11. Nxc6 Bxc6 12. a5 Qd7 13. Qe2 Rac8 14. Rfd1 e5 15. h3 h6 16. b3 Rfe8 17. Nd5 Bxd5 18. exd5 e4 19. c4 Nh7 20. Bxe4 Bf6 21. Bxh7+ Kxh7 22. Qd3+ Kg8 23. Bd4 Bxd4 24. Qxd4 Qxh3 25. Re1 1/2-1/2

[Event "Bucharest Autumn Cup GM"]
[Site "Bucharest"]
[Date "2000.12.01"]
[Round "11"]
[White "Murariu, Andrei"]
[Black "Florean, Andrei"]
[Result "0-1"]
[WhiteElo "2299"]
[BlackElo "2441"]
[PlyCount "76"]
[EventDate "2000.11.04"]
[EventType "tourn"]
[EventRounds "13"]
[EventCountry "ROU"]
[EventCategory "7"]
[SourceTitle "CBM 079 Extra"]
[Source "ChessBase"]
[SourceDate "2001.01.11"]
[SourceVersion "2"]
[SourceVersionDate "2001.01.25"]
[SourceQuality "1"]

1. e4 c5 2. Nc3 d6 3. d3 Nc6 4. g3 g6 5. Bg2 Bg7 6. f4 e6 7. Nf3 Nge7 8. 0-0 0-0 9. Be3 Rb8 10. e5 b6 11. exd6 Nf5 12. Bf2 Qxd6 13. Nd2 Bb7 14. Nc4 Qd7 15. Ne4 h5 16. a4 Ba6 17. Ned2 Rfd8 18. h3 Nd6 19. Nxd6 Qxd6 20. Ne4 Qc7 21. Qc1 c4 22. dxc4 Bxc4 23. Re1 Nd4 24. Nc3 Ba6 25. Kh2 Rbc8 26. Be4 h4 27. gxh4 Bh6 28. Bg3 Nf5 29. Bxf5 gxf5 30. Qe3 Bb7 31. h5 Kh7 32. Rg1 Rg8 33. Raf1 Qc6 34. Rf2 Rg7 35. Nb5 Rcg8 36. Qc3 e5 37. Qb3 exf4 38. Nd4 fxg3+ 0-1

[Event "Bucharest Autumn Cup GM"]
[Site "Bucharest"]
[Date "2000.11.29"]
[Round "9"]
[White "Florean, Andrei"]
[Black "Simantsev, Mikhail"]
[Result "1/2-1/2"]
[WhiteElo "2441"]
[BlackElo "2403"]
[PlyCount "127"]
[EventDate "2000.11.04"]
[EventType "tourn"]
[EventRounds "13"]
[EventCountry "ROU"]
[EventCategory "7"]
[SourceTitle "CBM 079 Extra"]
[Source "ChessBase"]
[SourceDate "2001.01.11"]
[SourceVersion "2"]
[SourceVersionDate "2001.01.25"]
[SourceQuality "1"]

1. Nf3 c5 2. g3 b6 3. Bg2 Bb7 4. 0-0 Nf6 5. d3 d6 6. b3 e6 7. Bb2 Be7 8. Nbd2 0-0 9. e4 Nc6 10. Re1 Nd7 11. Nc4 b5 12. Ne3 Bf6 13. c3 Nde5 14. Qd2 a5 15. d4 Nxf3+ 16. Bxf3 a4 17. Rac1 axb3 18. axb3 Ra2 19. d5 Na5 20. Qc2 Bg5 21. Ra1 Rxa1 22. Bxa1 c4 23. bxc4 Bxe3 24. Rxe3 Nxc4 25. Re1 exd5 26. exd5 Re8 27. Rd1 Qf6 28. Bg2 Bc8 29. h3 h6 30. g4 h5 31. gxh5 Qg5 32. Qc1 Qxh5 33. Re1 Re5 34. Kh2 Qf5 35. Kg1 Qg6 36. Rxe5 Nxe5 37. Kh2 Qh5 38. Bb2 Bd7 39. Ba3 Nc4 40. Bb4 Qe5+ 41. Kg1 Qh5 42. Kh2 g5 43. f3 Qh4 44. Qg1 Qf4+ 45. Kh1 Qg3 46. Qh2 Qf2 47. Qg1 Qe2 48. h4 g4 49. fxg4 Bxg4 50. Bf1 Qf3+ 51. Qg2 Qd1 52. Kg1 f5 53. Qf2 Nd2 54. Bxd6 Bh3 55. Qg3+ Bg4 56. Qd3 Nf3+ 57. Kh1 Qe1 58. Qe2 Qxh4+ 59. Kg2 Ne1+ 60. Kg1 Nf3+ 61. Kg2 Qe1 62. Bf4 Nh4+ 63. Kg1 Nf3+ 64. Kg2 1/2-1/2